=LDR 00000nam 2200000 4500 =001 INLIS000000000025862 =005 20201216104837 =035 ##$$a 0010-061300000025862 =008 201216################g##########0#ind## =041 ##$$a Ind =082 ##$$a 321 =090 ##$$a 321, Hol p =100 1#$$a Holsti, K.J =245 1#$$a Politik internasional kerangka analisa, K.J Holsti /$c K.J Holsti =260 ##$$a Jakarta :$b Pedoman Ilmu Jaya,$c 1987 =300 ##$$a xxii, 669 hlm. ; $c 21x14 cm =650 #4$$a Politik Internasional =850 ##$$a NBPNMAT =084 ##$$a 321 HOL p =250 ##$$a cet.1 =990 ##$$a 87.562/PRO.95 =990 ##$$a 00050172